000 00499cam a2200193ua 4500
001 3391
005 20260515113654.0
008 111021n ii |||gr||||Z||||||asm
040 _cMAIN
082 _a891.4513
100 _aRangpee, Jayanta ,
_eAuthor.
245 1 1 _aPuwate ajak dhanesh
_cby Jayanta Rangpee
250 _a1st.
260 _aKarbi Aanglong:
_bKarbee youth fermling society,977.
300 _a64p:
_c23cm.
653 _aAssamese novel
653 _aPuwate ajak dhanesh
942 _cBK
999 _c3233
_d3233